Devinez le club par joueurs - Statistiques

Statistiques générales
  • Ce quiz a été pris 218 fois
  • Le résultat moyen est 7 sur 10
Statistiques - réponses
Joueurs Clubs % Correct
Luis Suarez, Xabi Alonso, Christian Poulsen Liverpool FC
88%
Petr Cech, Yoann Gourcuff, Ousmane Dembélé Stade Rennais
87%
Ivan Rakitic, Dani Alves, Sergio Ramos Sevilla FC
81%
Laurent Blanc, Edinson Cavani, Alain Boghossian SSC Napoli
74%
Miralem Pjanic, Fabio Grosso, Michael Essien Olympique Lyonnais
71%
Ronaldinho, Marco Simone, Youri Djorkaeff Paris Saint-Germain
71%
Gregory Van Der Wiel, Maxwell Sherrer, Luis Suarez Ajax Amsterdam
69%
Kevin De Bruyne, Edin Dzeko, Danijel Ljuboja VfL Wolfsburg
66%
Sadio Mané, Miralem Pjanic, Emmanuel Adebayor FC Metz
59%
Luis Enrique, David Villa, Mario Stanic Real Sporting de Gijon
14%
Aucun quiz correspondant
Distribution des résultats
% des personnes avec chaque résultat
Percentile par nombre de réponses
Votre historique - résultats
Vous n’avez pas pris ce quiz